000301172 001__ 301172
000301172 005__ 20240928181137.0
000301172 0247_ $$aG:(GEPRIS)397693508$$d397693508
000301172 035__ $$aG:(GEPRIS)397693508
000301172 040__ $$aGEPRIS$$chttp://gepris.its.kfa-juelich.de
000301172 150__ $$aOpto-elektronisches 3D-Bewegungsanalysesystem$$y2018
000301172 371__ $$aProfessor Dr. Hermann Müller
000301172 450__ $$aDFG project G:(GEPRIS)397693508$$wd$$y2018
000301172 5101_ $$0I:(DE-588b)2007744-0$$aDeutsche Forschungsgemeinschaft$$bDFG
000301172 680__ $$aObjektive Beschreibungen des Bewegungsverhaltens von Menschen basieren im Wesentlichen auf der Kinematik (Trajektorien von repräsentativen Körperpunkten in 3D), der Dynamik (Kräfte in Interaktion mit der Umwelt), sowie ergänzend erhobenen physiologischen Parametern mit denen die neuronale Aktivität im Gehirn und am Muskel erfasst wird. Am Institut wurde in den letzten 10 Jahren ein derartiges, die verschiedenen Teilmessungen integrierendes System bereits sehr umfangreich (>8000 Betriebsstunden) eingesetzt. Einzelne Komponenten sind jedoch inzwischen defekt und können auch nicht mehr repariert werden. Ein isolierter Ersatz der defekten Komponenten ist ebenfalls nicht möglich, da alle aktuell angebotenen Ersatzgeräte technisch nicht mehr mit dem vorhandenen Gesamtsystem kompatibel sind. Mit dem damit notwendigen Ersatz des Gesamtsystems verbunden sollen auch einige, sich inzwischen als notwendig erwiesene Funktionserweiterungen realisiert werden. Die vorangeschrittene technische Entwicklung ermöglicht nun den Einsatz von mehr Kameras, von denen zudem jede einzelne auch eine höhere räumliche Auflösung hat. Damit sind wesentlich genauere und stabilere Messungen unter besserer Ausschöpfung des vorhandenen Messvolumens möglich. Damit eröffnen sich auch neue Möglichkeiten der Einbindung des Systems in virtuelle Szenarien.
000301172 909CO $$ooai:juser.fz-juelich.de:967915$$pauthority$$pauthority:GRANT
000301172 909CO $$ooai:juser.fz-juelich.de:967915
000301172 980__ $$aG
000301172 980__ $$aAUTHORITY